000 00731nam a22002177a 4500
999 _c151447
_d151445
005 20190923115442.0
008 131121t sp ||||| |||| 00| 0 spa d
020 _a8427604033
050 0 4 _aB2581.S6
_bL45 1983
100 1 _aLeibniz,G.W. (Gottfried Wilhelm)
245 1 0 _aNuevos ensayos sobre el entendimiento humano /
_cG.W. Leibniz ; edición de J. Echeverría Ezponda
250 _a2a edición
260 _aMadrid, España :
_bEditora Nacional,
_c1983
300 _a645 p. ;
_c19 cm.
490 0 _aBiblioteca de la Literatura y el Pensamiento Universales
504 _aIncluye: Indice
600 1 _aLeibniz, Gottfried Wilhelm
_d1646-1716
650 7 _2Lemb
_aFilosofía
_xSociología
700 1 _aEcheverría Ezponda,J.
_eeditor
942 _2lcc
_cLIB